LEADER 01661nam a2200337 a 4500 001 000000166803 003 CaOOAMICUS 005 20180321094421.0 008 180321s2017 it d u000 u ita r 020 $a978-88-916-2453-6* 032 $aLibriCat 040 $aPUL$bita 082 04$a343.45 100 1 $aDi Diego, Sebastiano.$0(OLS)http://pul/name/87645 245 13$aLa riforma del Terzo Settore :$btutte le novitą dopo i Decreti attuativi della Legge n. 106/2016: D.Lgs. n. 117/2017 (Codice del Terzo Settore), D.Lgs. n. 112/2017 (Impresa sociale) /$cSebastiano Di Diego, Virginia Tosi. 250 $a7. ed. 260 $aSantarcangelo di Romagna :$bMaggioli,$c©2017. 300 $a384 p. :$bgrafici ;$c24 cm. 490 1 $aNon profit ;$v08 504 $aBibliografia in nota. 650 4$aEconomia e diritto.$0(OLS)http://pul/subject/22639 700 1 $aTosi, Virginia.$0(OLS)http://pul/name/107589 830 0$aNon profit (Maggioli) ;$v08.$0(OLS)http://pul/title/169804 850 $aPUL 852 $aPUL$W1$xSL Diritto e Scienze Sociali 3$y79$m343. 45 DIDSE 1$j191240$qDDC 21$B194263$CPULBib$Z2$F194263 $H130682 $81 941 1 $a9 996 $6020$a978-88-916-2453-6*$9(OLS)http://pul/number/163743 996 $6082$a343.45$9(OLS)http://pul/classification/467 996 $6245$aLa riforma del Terzo Settore :$btutte le novitą dopo i Decreti attuativi della Legge n. 106/2016: D.Lgs. n. 117/2017 (Codice del Terzo Settore), D.Lgs. n. 112/2017 (Impresa sociale)$9(OLS)http://pul/title/206567 996 $6260$aSantarcangelo di Romagna :$bMaggioli$9(OLS)http://pul/publisher/67439 LEADER 01295nam a2200289 u 4500 001 000000079696 003 CaOOAMICUS 005 20240105103122.0 008 040610s2001 it u000 u ita u 032 $aLibriCat 035 $a10998651 040 $aPUL$bita 100 1 $aIzzi, Claudia,$d1968-$0(OLS)http://pul/name/53088 245 13$aLa partecipazione del fedele laico al "munus sanctificandi" :$bi ministeri liturgici laicali /$cClaudia Izzi. 260 $aRoma :$bPontificia Universitą Lateranense,$c2001. 300 $a185 p. ;$c30 cm 502 $aDiss. (doct.) -- Pontificia Universitas Lateranensis. 504 $aBibliografia in nota. 533 $aFotocopia. 650 4$aDiritto canonico$xCritica e interpretazione.$0(OLS)http://pul/subject/2587 650 4$aLaicato$xDiritto canonico.$0(OLS)http://pul/subject/11847 850 $aPUL 852 $aPUL$W1$xDP1 Tesi Pon Univ. Lateranense$y41$mTH PUL 1381$j101932$nBK-PRI$qTesi$B101932$CPULBib$Z2$F101932 $HPUL95244 $82 941 1 $a16 996 $6245$aLa partecipazione del fedele laico al "munus sanctificandi" :$bi ministeri liturgici laicali$9(OLS)http://pul/title/104387 996 $6260$aRoma :$bPontificia Universitą Lateranense$9(OLS)http://pul/publisher/47963